| 000 | 00570nam a2200217 a 4500 | ||
|---|---|---|---|
| 001 | BRCA_6422 | ||
| 005 | 20190320205439.0 | ||
| 008 | 210911s1912----gw-a######---#000-0#ger-# | ||
| 041 | _ager | ||
| 044 | _agw | ||
| 050 | 4 |
_aPT2642 _b.H58 P58 _c1912 |
|
| 100 | 1 |
_aThoma, Ludwig _d1867-1921 _96159 |
|
| 245 | 1 | 0 |
_aPistole oder Saebel? _cLudwig Thoma. |
| 260 |
_aMĂșnich _bAlbert Langen _c1912 |
||
| 300 |
_a149 p. _bil. _c14 cm. |
||
| 440 | 0 |
_aKleine Bibliothek Langen _v80 _916045 |
|
| 500 | _aL5 | ||
| 650 | 1 | 4 |
_aLiteratura Alemana _96160 |
| 902 | _aGFM | ||
| 942 |
_2lcc _cB |
||
| 999 |
_c6106 _d6106 |
||